[Event "BEL-chT 1112"]
[Site "Belgium"]
[Date "2011.11.06"]
[Round "3.6"]
[White "Bertrem, Stijn"]
[Black "Ahn, Martin"]
[Result "1/2-1/2"]
[WhiteElo "2223"]
[BlackElo "2290"]
[PlyCount "28"]
[EventDate "2011.10.09"]
[EventType "team-tourn"]
[EventRounds "11"]
[EventCountry "BEL"]
[SourceTitle "EXT 2012"]
[Source "ChessBase"]
[SourceDate "2011.11.24"]
[SourceVersion "1"]
[SourceVersionDate "2011.11.24"]
[SourceQuality "1"]
[WhiteTeam "Bruges"]
[BlackTeam "Eupen Rochade"]
[WhiteTeamCountry "BEL"]
[BlackTeamCountry "BEL"]

1. d4 Nf6 2. c4 g6 3. Nc3 Bg7 4. e4 d6 5. Nf3 0-0 6. Be2 e5 7. 0-0 Nh5 8. g3 Bg4 9. dxe5 dxe5 10. Qxd8 Rxd8 11. Be3 Nc6 12. Nd5 Rd7 13. Kg2 Nf6 14. h3 Bxf3+ 1/2-1/2

[Event "BEL-chT 1011"]
[Site "Belgium"]
[Date "2011.01.23"]
[Round "7.6"]
[White "Goormachtigh, Johan"]
[Black "Bertrem, Stijn"]
[Result "0-1"]
[WhiteElo "2323"]
[BlackElo "2230"]
[PlyCount "70"]
[EventDate "2010.09.26"]
[EventType "team-tourn"]
[EventRounds "11"]
[EventCountry "BEL"]
[SourceTitle "EXT 2012"]
[Source "ChessBase"]
[SourceDate "2011.11.24"]
[SourceVersion "1"]
[SourceVersionDate "2011.11.24"]
[SourceQuality "1"]
[WhiteTeam "KGSRL"]
[BlackTeam "KBSK Brugge"]
[WhiteTeamCountry "BEL"]
[BlackTeamCountry "BEL"]

1. d4 Nf6 2. c4 c5 3. d5 b5 4. cxb5 a6 5. bxa6 g6 6. Nc3 Bxa6 7. Nf3 Bg7 8. g3 d6 9. Bg2 Nbd7 10. Rb1 Nb6 11. b3 Bc8 12. e4 Ba6 13. Bf1 Qc8 14. Bxa6 Qxa6 15. Bb2 0-0 16. Qe2 Qxe2+ 17. Kxe2 Nxe4 18. Nxe4 Rxa2 19. Rhc1 Rxb2+ 20. Rxb2 Bxb2 21. Rb1 Bg7 22. Rd1 Ra8 23. Rd3 Ra2+ 24. Ned2 Bf6 25. Kf1 Ra1+ 26. Ke2 Rc1 27. Ne4 Bg7 28. g4 c4 29. bxc4 Rxc4 30. Ke3 Rb4 31. Kf4 f5 32. gxf5 Bh6+ 33. Nfg5 Bxg5+ 34. Kxg5 Rxe4 35. fxg6 Re5+ 0-1

[Event "BEL-chT 1011"]
[Site "Belgium"]
[Date "2011.01.09"]
[Round "6.7"]
[White "Vanstreels, Luc"]
[Black "Bertrem, Stijn"]
[Result "0-1"]
[WhiteElo "2158"]
[BlackElo "2230"]
[PlyCount "80"]
[EventDate "2010.09.26"]
[EventType "team-tourn"]
[EventRounds "11"]
[EventCountry "BEL"]
[SourceTitle "EXT 2012"]
[Source "ChessBase"]
[SourceDate "2011.11.24"]
[SourceVersion "1"]
[SourceVersionDate "2011.11.24"]
[SourceQuality "1"]
[WhiteTeam "Eynatten II"]
[BlackTeam "KBSK Brugge"]
[WhiteTeamCountry "BEL"]
[BlackTeamCountry "BEL"]

1. d4 Nf6 2. Bg5 c5 3. Bxf6 gxf6 4. d5 Bg7 5. c4 d6 6. Nc3 Na6 7. e4 Bd7 8. Nge2 f5 9. exf5 Bxf5 10. Ng3 Bg6 11. f4 e6 12. Be2 h5 13. dxe6 fxe6 14. f5 exf5 15. 0-0 Qd7 16. Bd3 0-0-0 17. Nxf5 Nb4 18. Be4 Be5 19. a3 Nc6 20. Nb5 Kb8 21. Nfxd6 Qh7 22. Bxc6 bxc6 23. Qb3 Bc2 24. Qe3 Bxd6 25. Nxd6 Rxd6 26. Qe5 Rhd8 27. Rf8 Kb7 28. Raf1 Rxf8 29. Rxf8 Qd7 30. Qxc5 Rd1+ 31. Kf2 Qd2+ 32. Kg3 Qe1+ 33. Kh3 Qe6+ 34. Kg3 Qg4+ 35. Kf2 Rd2+ 36. Ke3 Qe2+ 37. Kf4 Qe4+ 38. Kg5 Rxg2+ 39. Kf6 Rg6+ 40. Kf7 Qe6# 0-1

[Event "BEL-chT 0910"]
[Site "Belgium"]
[Date "2009.09.27"]
[Round "1"]
[White "Bertrem, Stijn"]
[Black "Goormachtigh, Johan"]
[Result "0-1"]
[WhiteElo "2228"]
[BlackElo "2230"]
[PlyCount "71"]
[EventDate "2009.09.27"]
[EventType "team-tourn"]
[EventRounds "11"]
[EventCountry "BEL"]
[SourceTitle "EXT 2011"]
[Source "ChessBase"]
[SourceDate "2010.11.26"]
[SourceVersion "1"]
[SourceVersionDate "2010.11.26"]
[SourceQuality "1"]
[WhiteTeam "KBSK Brugge"]
[BlackTeam "KGSRL"]
[WhiteTeamCountry "BEL"]
[BlackTeamCountry "BEL"]

1. d4 Nf6 2. c4 g6 3. Nc3 d5 4. Nf3 Bg7 5. Qb3 dxc4 6. Qxc4 0-0 7. e4 Na6 8. Be2 c5 9. d5 e6 10. 0-0 exd5 11. exd5 Bf5 12. Bf4 Qb6 13. Nb5 Rad8 14. Rad1 Rfe8 15. Be5 Ne4 16. Bxg7 Kxg7 17. Nh4 Bd7 18. f4 Bxb5 19. Qxb5 Nc7 20. Qc4 Qxb2 21. f5 b5 22. f6+ Qxf6 23. Rxf6 bxc4 24. Rc6 Nxd5 25. Bxc4 Ne7 26. Rxd8 Rxd8 27. Rc7 Rd1+ 28. Bf1 Nd2 29. Kf2 Nd5 30. Rxa7 Rxf1+ 31. Ke2 Rf4 32. g3 Rd4 33. Ra5 Ne4 34. Ng2 c4 35. Kf3 c3 36. Rxd5 0-1

[Event "BEL-chT 0809"]
[Site "Belgium"]
[Date "2009.02.02"]
[Round "8"]
[White "Bertrem, Stijn"]
[Black "Lemmers, Oscar"]
[Result "1/2-1/2"]
[WhiteElo "2221"]
[BlackElo "2388"]
[PlyCount "52"]
[EventDate "2008.10.05"]
[EventType "team-tourn"]
[EventRounds "11"]
[EventCountry "BEL"]
[SourceTitle "EXT 2010"]
[Source "ChessBase"]
[SourceDate "2010.11.25"]
[SourceVersion "1"]
[SourceVersionDate "2010.11.25"]
[SourceQuality "1"]
[WhiteTeam "Bredene"]
[BlackTeam "KGRSL"]
[WhiteTeamCountry "BEL"]
[BlackTeamCountry "BEL"]

1. d4 d5 2. c4 c6 3. Nf3 Nf6 4. Nc3 dxc4 5. a4 Bf5 6. e3 e6 7. Bxc4 Bb4 8. 0-0 0-0 9. Nh4 Nbd7 10. Nxf5 exf5 11. Bd2 c5 12. Nd5 Bxd2 13. Qxd2 Rc8 14. Rfd1 Ne4 15. Qe2 Ndf6 16. dxc5 Rxc5 17. Nxf6+ Qxf6 18. Rd4 Qe7 19. Rad1 Rc7 20. Qf3 g6 21. Qf4 Rfc8 22. Bb3 Rc1 23. h4 Rxd1+ 24. Bxd1 Rd8 25. Bf3 Rxd4 26. exd4 Qd6 1/2-1/2

[Event "BEL-chT 0809"]
[Site "Belgium"]
[Date "2008.11.23"]
[Round "4"]
[White "Bertrem, Stijn"]
[Black "Bauduin, Etienne"]
[Result "1/2-1/2"]
[WhiteElo "2221"]
[BlackElo "2309"]
[PlyCount "47"]
[EventDate "2008.10.05"]
[EventType "team-tourn"]
[EventRounds "11"]
[EventCountry "BEL"]
[SourceTitle "CBM 127 Extra"]
[Source "ChessBase"]
[SourceDate "2009.01.08"]
[SourceVersion "2"]
[SourceVersionDate "2009.01.28"]
[SourceQuality "1"]
[WhiteTeam "Bredene"]
[BlackTeam "Charleroi CREC"]
[WhiteTeamCountry "BEL"]
[BlackTeamCountry "BEL"]

1. d4 e6 2. c4 f5 3. Nf3 Nf6 4. g3 d5 5. Bg2 c6 6. 0-0 Bd6 7. Nc3 0-0 8. Qb3 Nbd7 9. Bf4 Bxf4 10. gxf4 Ne4 11. Rad1 Ndf6 12. Ne5 Nd6 13. e3 Ng4 14. Nxg4 fxg4 15. c5 Nf5 16. Ne2 Nh4 17. f3 Nxg2 18. Kxg2 Qh4 19. fxg4 Qxg4+ 20. Ng3 e5 21. fxe5 Bf5 22. Rf4 Qh3+ 23. Kg1 g5 24. Rxf5 1/2-1/2

[Event "BEL-chT 0708"]
[Site "Belgium"]
[Date "2008.01.06"]
[Round "6.5"]
[White "Bertrem, Stijn"]
[Black "Hammes, Michael"]
[Result "0-1"]
[WhiteElo "2266"]
[BlackElo "2386"]
[PlyCount "88"]
[EventDate "2007.09.30"]
[EventType "team-tourn"]
[EventRounds "11"]
[EventCountry "BEL"]
[SourceTitle "EXT 2009"]
[Source "ChessBase"]
[SourceDate "2008.11.26"]
[SourceVersion "1"]
[SourceVersionDate "2008.11.26"]
[SourceQuality "1"]
[WhiteTeam "KBSK Brugge"]
[BlackTeam "KSK47 Eynatten"]
[WhiteTeamCountry "BEL"]
[BlackTeamCountry "BEL"]

1. d4 e6 2. c4 Nf6 3. Nf3 d5 4. Nc3 Be7 5. Bg5 0-0 6. e3 Nbd7 7. Rc1 a6 8. cxd5 exd5 9. Bd3 Re8 10. 0-0 c6 11. Qc2 Nf8 12. Ne5 Ng4 13. Bf4 Bd6 14. Nxg4 Bxg4 15. Na4 Bxf4 16. exf4 Qf6 17. f5 g6 18. Nc5 Re7 19. Rfe1 Rae8 20. Re5 Rxe5 21. dxe5 Qxe5 22. fxg6 hxg6 23. Nxb7 Ne6 24. Qd2 Rb8 25. Bxa6 Qd4 26. Qxd4 Nxd4 27. Kf1 Bc8 28. Nc5 Bxa6+ 29. Nxa6 Rxb2 30. a4 Kf8 31. Nc5 Ke7 32. Nd3 Rd2 33. Ne5 c5 34. Nf3 Nxf3 35. gxf3 Kd6 36. Ra1 Kc6 37. a5 Kb7 38. Rb1+ Ka6 39. Rb6+ Kxa5 40. Rf6 Kb4 41. Rxf7 d4 42. f4 d3 43. f5 gxf5 44. h4 Ra2 0-1

[Event "BEL-chT 0708"]
[Site "Belgium"]
[Date "2007.11.18"]
[Round "4.3"]
[White "Bertrem, Stijn"]
[Black "Abergel, Thal"]
[Result "0-1"]
[WhiteElo "2252"]
[BlackElo "2512"]
[PlyCount "56"]
[EventDate "2007.09.30"]
[EventType "team-tourn"]
[EventRounds "11"]
[EventCountry "BEL"]
[SourceTitle "CBM 121 Extra"]
[Source "ChessBase"]
[SourceDate "2008.01.10"]
[SourceVersion "1"]
[SourceVersionDate "2008.01.10"]
[SourceQuality "1"]
[WhiteTeam "KBSK Brugge"]
[BlackTeam "Charleroi CREC"]
[WhiteTeamCountry "BEL"]
[BlackTeamCountry "BEL"]

1. d4 d5 2. c4 c6 3. Nc3 Nf6 4. Nf3 a6 5. g3 dxc4 6. Bg2 b5 7. 0-0 e6 8. a4 Bb7 9. e4 Nbd7 10. axb5 axb5 11. Rxa8 Bxa8 12. d5 cxd5 13. exd5 Bxd5 14. Nxd5 Nxd5 15. Nd4 N7b6 16. Nxb5 Qd7 17. Nd4 Be7 18. Qg4 0-0 19. Rd1 Bf6 20. Ne2 Qa4 21. Nd4 c3 22. b3 Qb4 23. Be4 g6 24. Nxe6 Re8 25. Qf3 fxe6 26. Bxd5 Nxd5 27. Rxd5 exd5 28. Qxd5+ Kh8 0-1

[Event "BEL-chT 0708"]
[Site "Belgium"]
[Date "2007.10.21"]
[Round "2.5"]
[White "Bertrem, Stijn"]
[Black "Hafner, Christian"]
[Result "1-0"]
[WhiteElo "2252"]
[BlackElo "2159"]
[PlyCount "55"]
[EventDate "2007.09.30"]
[EventType "team-tourn"]
[EventRounds "11"]
[EventCountry "BEL"]
[SourceTitle "CBM 120 Extra"]
[Source "ChessBase"]
[SourceDate "2007.11.01"]
[SourceVersion "1"]
[SourceVersionDate "2007.11.01"]
[SourceQuality "1"]
[WhiteTeam "KBSK Brugge"]
[BlackTeam "Namur"]
[WhiteTeamCountry "BEL"]
[BlackTeamCountry "BEL"]

1. d4 d5 2. c4 c6 3. Nc3 Nf6 4. Nf3 e6 5. Bg5 dxc4 6. e4 b5 7. e5 h6 8. Bh4 g5 9. exf6 gxh4 10. Ne5 Qxf6 11. g3 Bb7 12. Bg2 Bd6 13. 0-0 Qe7 14. a4 a6 15. Ne4 Nd7 16. Qh5 Bxe5 17. dxe5 0-0-0 18. axb5 axb5 19. Ra7 Kb8 20. Rfa1 Nb6 21. Nd6 Rd7 22. Qf3 Rf8 23. Rxb7+ Rxb7 24. Qxc6 Nd5 25. Nxb7 Rc8 26. Ra8+ Kxa8 27. Qxc8+ Ka7 28. Nd6 1-0

[Event "BEL-chT 0708"]
[Site "Belgium"]
[Date "2007.10.07"]
[Round "1.5"]
[White "Bertrem, Stijn"]
[Black "Goormachtigh, Johan"]
[Result "1/2-1/2"]
[WhiteElo "2252"]
[BlackElo "2277"]
[PlyCount "76"]
[EventDate "2007.09.30"]
[EventType "team-tourn"]
[EventRounds "11"]
[EventCountry "BEL"]
[SourceTitle "CBM 120 Extra"]
[Source "ChessBase"]
[SourceDate "2007.11.01"]
[SourceVersion "1"]
[SourceVersionDate "2007.11.01"]
[SourceQuality "1"]
[WhiteTeam "KBSK Brugge"]
[BlackTeam "KGSRL"]
[WhiteTeamCountry "BEL"]
[BlackTeamCountry "BEL"]

1. d4 Nf6 2. c4 c5 3. d5 e5 4. Nc3 d6 5. e4 Nbd7 6. Bd3 Be7 7. Nge2 a6 8. 0-0 Nf8 9. Bc2 Ng6 10. Ba4+ Kf8 11. Ng3 Nf4 12. Rb1 h5 13. b4 h4 14. Nge2 cxb4 15. Rxb4 g5 16. Bc2 Qc7 17. Be3 Nd7 18. Na4 b5 19. Nac3 bxc4 20. g3 Nh3+ 21. Kg2 Nc5 22. Rxc4 Qd7 23. Bxc5 dxc5 24. Ba4 Qg4 25. f3 Qh5 26. g4 Bxg4 27. fxg4 Qxg4+ 28. Kh1 Bd6 29. Ng1 Qxd1 30. Nxd1 Nf4 31. Ne3 Rg8 32. Nf5 Rd8 33. Nxd6 Rxd6 34. Rxc5 Rgg6 35. Rc8+ Ke7 36. Rc7+ Kd8 37. Ra7 g4 38. Rb1 Rb6 1/2-1/2

[Event "BEL-chT 0506"]
[Site "Belgium"]
[Date "2006.03.12"]
[Round "10"]
[White "Bertrem, Stijn"]
[Black "Gulbas, Cemil"]
[Result "0-1"]
[WhiteElo "2148"]
[BlackElo "2375"]
[PlyCount "68"]
[EventDate "2005.10.09"]
[EventType "team-tourn"]
[EventRounds "11"]
[EventCountry "BEL"]
[SourceTitle "EXT 2007"]
[Source "ChessBase"]
[SourceDate "2006.11.23"]
[SourceVersion "1"]
[SourceVersionDate "2006.11.23"]
[SourceQuality "1"]
[WhiteTeam "KBSK Brugge"]
[BlackTeam "KSK47 Eynatten"]
[WhiteTeamCountry "BEL"]
[BlackTeamCountry "BEL"]

1. d4 d5 2. c4 c6 3. Nc3 Nf6 4. Nf3 a6 5. a4 e6 6. Bg5 dxc4 7. e4 b5 8. axb5 cxb5 9. e5 h6 10. Bd2 Nd5 11. Nxb5 axb5 12. Rxa8 Bb7 13. Ra1 Nc6 14. Be2 Qb6 15. 0-0 Be7 16. Be3 Ncb4 17. Qd2 0-0 18. Bxh6 gxh6 19. Qxh6 Rc8 20. Ra3 c3 21. Rd1 Qd8 22. h4 Qf8 23. Qh5 Qg7 24. Ng5 Nf4 25. Qg4 Nbd5 26. Ra7 Nxe2+ 27. Qxe2 c2 28. Rc1 Nf4 29. Qxb5 Bxg5 30. Qxb7 Qf8 31. Qe4 Ne2+ 32. Qxe2 Bxc1 33. Qg4+ Qg7 34. Qe4 Bxb2 0-1

[Event "BEL-chT 0506"]
[Site "Belgium"]
[Date "2006.01.08"]
[Round "6"]
[White "Bertrem, Stijn"]
[Black "Van der Linde, Maurits"]
[Result "1-0"]
[WhiteElo "2148"]
[BlackElo "2240"]
[PlyCount "37"]
[EventDate "2005.10.09"]
[EventType "team-tourn"]
[EventRounds "11"]
[EventCountry "BEL"]
[SourceTitle "EXT 2007"]
[Source "ChessBase"]
[SourceDate "2006.11.23"]
[SourceVersion "1"]
[SourceVersionDate "2006.11.23"]
[SourceQuality "1"]
[WhiteTeam "KBSK Brugge"]
[BlackTeam "KGSRL"]
[WhiteTeamCountry "BEL"]
[BlackTeamCountry "BEL"]

1. d4 Nf6 2. c4 g6 3. Nc3 d5 4. Nf3 Bg7 5. Qb3 dxc4 6. Qxc4 0-0 7. e4 Nfd7 8. Be3 Nb6 9. Qb3 a5 10. h4 a4 11. Qc2 h5 12. Rd1 Bg4 13. Be2 N8d7 14. e5 c6 15. Ng5 Bxe2 16. Kxe2 e6 17. g4 hxg4 18. h5 f5 19. h6 1-0

[Event "BEL-chT 0405"]
[Site "Belgium"]
[Date "2005.03.20"]
[Round "11"]
[White "Bertrem, Stijn"]
[Black "Ghysels, Chris"]
[Result "1-0"]
[WhiteElo "2146"]
[BlackElo "2237"]
[PlyCount "97"]
[EventDate "2004.09.09"]
[EventType "team-tourn"]
[EventRounds "11"]
[EventCountry "BEL"]
[SourceTitle "EXT 2006"]
[Source "ChessBase"]
[SourceDate "2005.11.24"]
[SourceVersion "1"]
[SourceVersionDate "2005.11.24"]
[SourceQuality "1"]
[WhiteTeam "KBSK Brugge"]
[BlackTeam "Jean Jaures"]
[WhiteTeamCountry "BEL"]
[BlackTeamCountry "BEL"]

1. d4 g6 2. c4 Bg7 3. Nc3 c5 4. d5 Nf6 5. e4 0-0 6. Be2 e6 7. Bg5 h6 8. Be3 exd5 9. cxd5 Re8 10. f3 d6 11. Qd2 Kh7 12. a4 Na6 13. Bb5 Re7 14. Nge2 Nb4 15. 0-0 a6 16. Bc4 Nd7 17. Ng3 Ne5 18. Be2 c4 19. Bd4 Nbd3 20. Be3 Qh8 21. Ra3 Bd7 22. a5 Rc8 23. h3 Nc5 24. Bxc5 Rxc5 25. f4 Nd3 26. Bxd3 cxd3 27. e5 dxe5 28. Nge4 Rc4 29. d6 Re8 30. fxe5 Be6 31. Nf6+ Bxf6 32. Rxf6 Rc5 33. Qf4 Kg8 34. Ne4 Rc4 35. Rxe6 Rxe6 36. d7 Rd4 37. Nf6+ Qxf6 38. exf6 Rxd7 39. Qb8+ Kh7 40. Qf8 Rxf6 41. Qe8 Rdd6 42. Ra1 d2 43. Rd1 Rde6 44. Qa4 Re1+ 45. Kh2 Rf2 46. Qb3 Kg8 47. Kg3 Rfe2 48. Kf3 h5 49. Qd3 1-0

[Event "BEL-chT 0405"]
[Site "Belgium"]
[Date "2005.01.30"]
[Round "8"]
[White "Tjiam, Dharma"]
[Black "Bertrem, Stijn"]
[Result "1-0"]
[WhiteElo "2322"]
[BlackElo "2146"]
[PlyCount "133"]
[EventDate "2004.09.09"]
[EventType "team-tourn"]
[EventRounds "11"]
[EventCountry "BEL"]
[SourceTitle "EXT 2006"]
[Source "ChessBase"]
[SourceDate "2005.11.24"]
[SourceVersion "1"]
[SourceVersionDate "2005.11.24"]
[SourceQuality "1"]
[WhiteTeam "KGSRL"]
[BlackTeam "KBSK Brugge"]
[WhiteTeamCountry "BEL"]
[BlackTeamCountry "BEL"]

1. d4 d5 2. c4 e6 3. Nc3 c5 4. cxd5 exd5 5. Nf3 Nc6 6. g3 Nf6 7. Bg2 Be7 8. 0-0 0-0 9. Bg5 c4 10. Ne5 Be6 11. e3 Rc8 12. f4 g6 13. Qd2 Kg7 14. Rad1 h6 15. Bxf6+ Bxf6 16. e4 Ne7 17. Qe2 dxe4 18. Bxe4 b5 19. Nxb5 Qb6 20. Nc3 Rfd8 21. Qf2 Qa5 22. Rd2 Rd6 23. Rfd1 Rcd8 24. d5 Nxd5 25. Nxd5 Bxd5 26. Nxc4 Bxc4 27. Rxd6 Rxd6 28. Rxd6 Qxa2 29. Rd2 Qa5 30. Kg2 Be6 31. Bf3 Kh7 32. Rc2 Qf5 33. Rd2 Be7 34. Kh1 Bc5 35. Qe2 Bb6 36. Rd1 Qc5 37. Qd2 Bb3 38. Rc1 Qb5 39. Kg2 Be6 40. Qe2 Qf5 41. Kh1 h5 42. Be4 Bd5 43. Bxd5 Qxd5+ 44. Qg2 Qf5 45. h4 Qf6 46. Kh2 Qf5 47. Rd1 Qe6 48. Qd2 Qb3 49. Rf1 Qb5 50. Rc1 Qf5 51. Re1 Qc5 52. b4 Qb5 53. Re5 Qf1 54. Qg2 Qb1 55. b5 Qa1 56. Rd5 f5 57. Qf3 Kh6 58. Qd1 Qb2+ 59. Kh3 Qa2 60. Rd2 Qa3 61. Qe2 Qc3 62. Rd1 Qc8 63. Qe5 Qa8 64. Rc1 Qd8 65. Rc6 Qa8 66. Qxf5 Qxc6 67. Qg5+ 1-0

[Event "BEL-chT 0405"]
[Site "Belgium"]
[Date "2005.01.16"]
[Round "7"]
[White "Bertrem, Stijn"]
[Black "Soetewey, Steven"]
[Result "0-1"]
[WhiteElo "2146"]
[BlackElo "2229"]
[PlyCount "94"]
[EventDate "2004.09.09"]
[EventType "team-tourn"]
[EventRounds "11"]
[EventCountry "BEL"]
[SourceTitle "EXT 2006"]
[Source "ChessBase"]
[SourceDate "2005.11.24"]
[SourceVersion "1"]
[SourceVersionDate "2005.11.24"]
[SourceQuality "1"]
[WhiteTeam "KBSK Brugge"]
[BlackTeam "Leuven Lustige Vrijpion"]
[WhiteTeamCountry "BEL"]
[BlackTeamCountry "BEL"]

1. d4 Nc6 2. d5 Ne5 3. e4 e6 4. f4 Ng6 5. dxe6 dxe6 6. Qxd8+ Kxd8 7. Nf3 Bc5 8. g3 Nf6 9. Nbd2 Bd7 10. Bd3 Bc6 11. Ke2 Re8 12. e5 Ng4 13. Rf1 f5 14. h3 Ne3 15. Rh1 Nd5 16. Nb3 Be7 17. Rd1 Kc8 18. a3 Nf8 19. c4 Ba4 20. Bc2 Nb6 21. Nfd2 Rd8 22. Rb1 a5 23. Na1 Be8 24. b3 a4 25. g4 Ng6 26. Rf1 Rd4 27. Nf3 Rxf4 28. Bxf4 Nxf4+ 29. Ke3 fxg4 30. hxg4 g5 31. Nd2 axb3 32. Rxb3 Bxa3 33. Bxh7 Bc5+ 34. Kf3 Bc6+ 35. Be4 Ra2 36. Bxc6 bxc6 37. Ne4 Bd4 38. Rbb1 Ra3+ 39. Nb3 Nxc4 40. Rfd1 Nxe5+ 41. Kg3 Ne2+ 42. Kg2 Bb6 43. Kf1 Nf4 44. Nxg5 Nxg4 45. Rd2 c5 46. Ne4 c4 47. Nc1 Rh3 0-1

[Event "BEL-chT 0405"]
[Site "Belgium"]
[Date "2005.01.09"]
[Round "6"]
[White "Philipowski, Robert"]
[Black "Bertrem, Stijn"]
[Result "1-0"]
[WhiteElo "2329"]
[BlackElo "2146"]
[PlyCount "147"]
[EventDate "2004.09.09"]
[EventType "team-tourn"]
[EventRounds "11"]
[EventCountry "BEL"]
[SourceTitle "EXT 2006"]
[Source "ChessBase"]
[SourceDate "2005.11.24"]
[SourceVersion "1"]
[SourceVersionDate "2005.11.24"]
[SourceQuality "1"]
[WhiteTeam "KSK47 Eynatten II"]
[BlackTeam "KBSK Brugge"]
[WhiteTeamCountry "BEL"]
[BlackTeamCountry "BEL"]

1. e4 d6 2. d4 Nf6 3. Nc3 g6 4. f4 Bg7 5. Nf3 c5 6. Bb5+ Bd7 7. Bxd7+ Nfxd7 8. d5 b5 9. 0-0 b4 10. Ne2 a5 11. Ng3 Qb6 12. Qe2 Qa6 13. Qe1 Nb6 14. f5 N8d7 15. Ng5 Ne5 16. a3 b3 17. cxb3 Qb5 18. Bf4 Nbd7 19. b4 axb4 20. axb4 Rxa1 21. Qxa1 0-0 22. Qa5 Qxb4 23. Qxb4 cxb4 24. Bd2 Nd3 25. fxg6 hxg6 26. Rb1 Rc8 27. b3 Rc2 28. Nf3 N7c5 29. Kf1 Bc3 30. Be3 Ra2 31. Nd4 Kf8 32. Nc6 Ra3 33. Ke2 Ra2+ 34. Kf1 Nb2 35. Bxc5 dxc5 36. e5 Ra3 37. Ne4 Nd3 38. d6 exd6 39. exd6 Ke8 40. Rd1 Ra1 41. Nxc3 bxc3 42. Rxa1 c2 43. d7+ Kxd7 44. Ne5+ Nxe5 45. Rc1 c4 46. bxc4 Nxc4 47. Ke2 Ke6 48. Rxc2 Ne5 49. Ra2 Kf6 50. h3 Nd7 51. Ra5 Nf8 52. Ke3 Nh7 53. h4 Kg7 54. Kf4 Nf6 55. g4 Nh7 56. Ke5 Nf6 57. Ra4 Nd7+ 58. Kd6 Nf6 59. g5 Nh5 60. Ra7 Kf8 61. Ra8+ Kg7 62. Ke7 Ng3 63. Ra6 Nf5+ 64. Ke8 Kg8 65. Rf6 Ng7+ 66. Kd7 Kf8 67. Ra6 Nf5 68. Ra4 Kg7 69. Rf4 Kg8 70. h5 Kh7 71. h6 f6 72. gxf6 Kxh6 73. f7 Kg7 74. Rxf5 1-0

[Event "BEL-chT 0405"]
[Site "Belgium"]
[Date "2004.12.05"]
[Round "5"]
[White "Marcos Pinto, Luis"]
[Black "Bertrem, Stijn"]
[Result "1-0"]
[WhiteElo "2301"]
[BlackElo "2146"]
[PlyCount "67"]
[EventDate "2004.09.09"]
[EventType "team-tourn"]
[EventRounds "11"]
[EventCountry "BEL"]
[SourceTitle "EXT 2006"]
[Source "ChessBase"]
[SourceDate "2005.11.24"]
[SourceVersion "1"]
[SourceVersionDate "2005.11.24"]
[SourceQuality "1"]
[WhiteTeam "SK Rochade"]
[BlackTeam "KBSK Brugge"]
[WhiteTeamCountry "BEL"]
[BlackTeamCountry "BEL"]

1. e4 d6 2. d4 Nf6 3. Nc3 g6 4. f4 Bg7 5. Nf3 c5 6. Bb5+ Bd7 7. Bxd7+ Nfxd7 8. d5 b5 9. Qe2 b4 10. Nd1 Qa5 11. 0-0 Qa6 12. Qe1 Nb6 13. f5 N8d7 14. fxg6 hxg6 15. Ng5 Ne5 16. Bf4 Nbd7 17. Ne3 Bf6 18. g3 Qb5 19. Qd1 a5 20. Rb1 a4 21. h4 Kf8 22. Ne6+ fxe6 23. dxe6 Nb6 24. Bxe5 dxe5 25. Rxf6+ exf6 26. Qd6+ Ke8 27. Qc7 Rf8 28. Rd1 c4 29. e7 Kf7 30. exf8Q+ Kxf8 31. Rd6 b3 32. Rxf6+ Ke8 33. Re6+ Kf8 34. Qe7+ 1-0

[Event "BEL-chT 0304"]
[Site "Belgium"]
[Date "2004.03.09"]
[Round "10.4"]
[White "Bertrem, Stijn"]
[Black "Le Quang, Kim"]
[Result "0-1"]
[WhiteElo "2159"]
[BlackElo "2268"]
[PlyCount "116"]
[EventDate "2003.10.01"]
[EventType "team"]
[EventRounds "11"]
[EventCountry "BEL"]
[SourceTitle "EXT 2005"]
[Source "ChessBase"]
[SourceDate "2004.11.15"]
[SourceVersion "1"]
[SourceVersionDate "2004.11.15"]
[SourceQuality "1"]
[WhiteTeam "Bruges"]
[BlackTeam "Charleroi CREC"]
[WhiteTeamCountry "BEL"]
[BlackTeamCountry "BEL"]

1. d4 Nf6 2. c4 e6 3. Bg5 Be7 4. Nf3 b6 5. Nc3 Bb7 6. Qc2 Bxf3 7. exf3 c5 8. dxc5 bxc5 9. g3 Nc6 10. Bg2 0-0 11. 0-0 h6 12. Bf4 d5 13. cxd5 exd5 14. Rfd1 Qc8 15. Qa4 Rd8 16. Nb5 Qb7 17. Bh3 a6 18. Nc3 Nd4 19. Rxd4 cxd4 20. Qxd4 Qb4 21. Be5 Qxd4 22. Bxd4 Rab8 23. Re1 Kf8 24. Re2 Ne8 25. b3 Bf6 26. Rd2 Bxd4 27. Rxd4 Nc7 28. Bf1 Ke7 29. f4 Rb6 30. Bg2 Ke6 31. f5+ Ke5 32. Ne2 Rc6 33. Rd1 Rc2 34. Nd4 Rc3 35. f4+ Kd6 36. Bf1 Kc5 37. a3 a5 38. Kf2 Ra8 39. b4+ axb4 40. axb4+ Kxb4 41. g4 Ra4 42. Ne2 Rc2 43. Kf3 Kc5 44. Rb1 Rb4 45. Rxb4 Kxb4 46. h4 Kc5 47. g5 f6 48. Ng3 Rc3+ 49. Kf2 Rb3 50. Nh5 Ne8 51. Ba6 Kd6 52. Bc8 Rh3 53. Be6 Rxh4 54. Bf7 Ke7 55. Kg3 hxg5 56. fxg5 fxg5 57. Bxe8 Kxe8 58. Nxg7+ Kf7 0-1

[Event "BEL-chT 0203"]
[Site "Belgium"]
[Date "2003.01.26"]
[Round "7.6"]
[White "Becker, Dieter"]
[Black "Bertrem, Stijn"]
[Result "1-0"]
[WhiteElo "2111"]
[BlackElo "2197"]
[PlyCount "95"]
[EventDate "2002.10.06"]
[EventType "team"]
[EventRounds "11"]
[EventCountry "BEL"]
[SourceTitle "EXT 2004"]
[Source "ChessBase"]
[SourceDate "2003.11.25"]
[SourceVersion "1"]
[SourceVersionDate "2003.11.25"]
[SourceQuality "1"]
[WhiteTeam "Eupen Rochade"]
[BlackTeam "Bruges"]
[WhiteTeamCountry "BEL"]
[BlackTeamCountry "BEL"]

1. c4 e5 2. Nc3 d6 3. g3 f5 4. Bg2 Nf6 5. e3 Be7 6. Nge2 0-0 7. d4 c6 8. 0-0 Na6 9. a3 Nc7 10. Qc2 Qe8 11. f3 Qh5 12. b4 Be6 13. Nd1 Qf7 14. Nb2 Nd7 15. Bd2 Bf6 16. Rac1 g6 17. a4 Qg7 18. Qd3 Rfe8 19. f4 exd4 20. exd4 Bf7 21. Bc3 d5 22. c5 Re7 23. Qd1 Rae8 24. Rc2 Ne6 25. Kh1 Qh8 26. Bh3 h5 27. Rg1 Bg7 28. b5 Nf6 29. Rf1 Ne4 30. bxc6 bxc6 31. Nd3 Nxc3 32. Rxc3 Nxd4 33. Nxd4 Bxd4 34. Rb3 Qg7 35. Qb1 Be6 36. Rd1 Bc8 37. Bg2 Ba6 38. Nb4 Bb7 39. Nd3 a5 40. h3 Ba6 41. Rb6 Bc4 42. Rxc6 Re3 43. Kh2 h4 44. gxh4 Kh8 45. Qb6 Rg8 46. h5 Re2 47. Rxg6 Rxg2+ 48. Kxg2 1-0